| 000 | 00406nam a2200157Ia 4500 | ||
|---|---|---|---|
| 005 | 20250623024403.0 | ||
| 008 | 240331s9999 xx 000 0 und d | ||
| 020 | _a9789559111108 | ||
| 082 |
_bKAN _a324 |
||
| 100 | _aKandavinna,S | ||
| 245 | 0 | _aSri Lankawe jathika prashnaya | |
| 260 |
_aRajagiriya _bDemocratic Rights _c2007 |
||
| 300 | _a100 p ., | ||
| 500 | _aSri Lanka's National Question | ||
| 942 | _cL | ||
| 999 |
_c5071 _d5071 |
||